| 000 | 00922nam0a22002291 4500 | ||
|---|---|---|---|
| 001 | rc\1052793 | ||
| 005 | 20260407072656.0 | ||
| 035 | _a(NLR Aleph) 006214154 | ||
| 090 |
_a6400058 _c6400058 |
||
| 100 | _a20041129d1980 |||y0rusy50 ca | ||
| 101 | 0 | _arus | |
| 102 | _aRU | ||
| 105 | _aa ||||||||| | ||
| 200 | 1 |
_aАзбука дороги _eСтихи _eКнижка-картинка _fГосавтоинспекция Упр. внутр. дел Исполкома Иван. обл. Совета нар. депутатов _g[Худож. О. Качер] |
|
| 210 |
_aЯрославль _cВерх.-Волж. кн. изд-во _d1980 |
||
| 215 |
_a[28] с. _cцв. ил. _d21х20 |
||
| 712 | 0 | 2 |
_aИвановская областная автомобильная инспекция _9571729 _3RU\NLR\AUTH\8810036525 |
| 801 | 0 |
_aRU _bNLR _gpsbo |
|
| 801 | 1 |
_aRU _bELAR _2rusmarc |
|
| 852 |
_aNLR _j81-6/2933 |
||
| 942 | _cBOOK | ||
| 980 | _aNB | ||